<?xml version="1.0" encoding="UTF-8"?><?xml-stylesheet type="text/xsl" href="static/style.xsl"?><OAI-PMH xmlns="http://www.openarchives.org/OAI/2.0/" xmlns:xsi="http://www.w3.org/2001/XMLSchema-instance" xsi:schemaLocation="http://www.openarchives.org/OAI/2.0/ http://www.openarchives.org/OAI/2.0/OAI-PMH.xsd"><responseDate>2026-04-17T17:03:31Z</responseDate><request verb="GetRecord" identifier="oai:www.recercat.cat:10256/14395" metadataPrefix="marc">https://recercat.cat/oai/request</request><GetRecord><record><header><identifier>oai:recercat.cat:10256/14395</identifier><datestamp>2024-06-18T12:21:14Z</datestamp><setSpec>com_2072_452955</setSpec><setSpec>com_2072_2054</setSpec><setSpec>col_2072_453067</setSpec></header><metadata><record xmlns="http://www.loc.gov/MARC21/slim" xmlns:dcterms="http://purl.org/dc/terms/" xmlns:xsi="http://www.w3.org/2001/XMLSchema-instance" xmlns:doc="http://www.lyncode.com/xoai" xsi:schemaLocation="http://www.loc.gov/MARC21/slim http://www.loc.gov/standards/marcxml/schema/MARC21slim.xsd">
   <leader>00925njm 22002777a 4500</leader>
   <datafield ind2=" " ind1=" " tag="042">
      <subfield code="a">dc</subfield>
   </datafield>
   <datafield ind2=" " ind1=" " tag="720">
      <subfield code="a">Garcia, Ricard</subfield>
      <subfield code="e">author</subfield>
   </datafield>
   <datafield ind2=" " ind1=" " tag="260">
      <subfield code="c">2016</subfield>
   </datafield>
   <datafield ind2=" " ind1=" " tag="520">
      <subfield code="a">Durant les dècades finals del segle XIX, l'Alt Empordà va patir de manera molt severa les convulsions experimentades pel sector vitivinícola. Com funcionava el mercat de crèdit en aquell context? Tenien les diverses classes socials el mateix comportament financer? Aquest estudi examina la dinàmica del mercat de crèdit rural en un temps de crisi. En primer lloc, es presenta l'evolució del nombre de préstecs signats en el districte notarial de Figueres al llarg del període 1880-1905 i es mostra que el mercat del crèdit responia a les variacions dels preus del vi. A continuació, s'analitzen tots els préstecs protocol·litzats els anys 1888 i 1903. Es proposa l'ús de la classe de cèdula personal que cada persona tenia assignada com a una manera útil de definir grups socials. Els resultats obtinguts mostren que la distància social i geogràfica entre prestadors i prestataris es va incrementar clarament durant el període estudiat. L'empitjorament de les expectatives econòmiques havia donat lloc a l'exhauriment de la capacitat d'autofinançament dels estrats mitjans i baixos de la societat</subfield>
   </datafield>
   <datafield ind1="8" ind2=" " tag="024">
      <subfield code="a">http://hdl.handle.net/10256/14395</subfield>
   </datafield>
   <datafield tag="653" ind2=" " ind1=" ">
      <subfield code="a">Agricultura -- Finançament -- S.XIX</subfield>
   </datafield>
   <datafield tag="653" ind2=" " ind1=" ">
      <subfield code="a">Agriculture -- Finance -- 19th century</subfield>
   </datafield>
   <datafield tag="653" ind2=" " ind1=" ">
      <subfield code="a">Crèdit agrícola -- S.XIX</subfield>
   </datafield>
   <datafield tag="653" ind2=" " ind1=" ">
      <subfield code="a">Agricultural credit -- 19th century</subfield>
   </datafield>
   <datafield tag="653" ind2=" " ind1=" ">
      <subfield code="a">Deute -- S.XIX</subfield>
   </datafield>
   <datafield tag="653" ind2=" " ind1=" ">
      <subfield code="a">Debt -- 19th century</subfield>
   </datafield>
   <datafield ind2="0" ind1="0" tag="245">
      <subfield code="a">Societat i mercat de crèdit en temps de fil·loxera (l'Alt Empordà, 1875-1905)</subfield>
   </datafield>
</record></metadata></record></GetRecord></OAI-PMH>